Normal view
MARC view
- Welburn, Tyler
Entry Personal Name
001 - CONTROL NUMBER
- control field: 97840
003 - CONTROL NUMBER IDENTIFIER
- control field: NUST
005 - DATE AND TIME OF LATEST TRANSACTION
- control field: 20220817144351.0
008 - FIXED-LENGTH DATA ELEMENTS
- fixed length control field: 220817|| aca||aabn | a|a d
040 ## - CATALOGING SOURCE
- Original cataloging agency: NUST
- Transcribing agency: NUST
100 ## - HEADING--PERSONAL NAME
- Personal name: Welburn, Tyler
670 ## - SOURCE DATA FOUND
- Source citation: Work cat.: (NUST)180373: Welburn, Tyler., Structured COBOL :, c1995.
